Thám hiểm Amazon
Nội dung: Người có 127 mục tiêu; Chấp cánh bay qua eo biển Anh; Thay đổi dòng chảy dung nham; Chinh phục đỉnh cao nhất Thế giới; Trôi dạt 133 ngày trên biển...
Сохранить в:
| Формат: | |
|---|---|
| Язык: | Undetermined |
| Опубликовано: |
Hà Nội
Văn hóa Thông tin
2002
|
| Предметы: | |
| Метки: |
Добавить метку
Нет меток, Требуется 1-ая метка записи!
|
| Thư viện lưu trữ: | Trung tâm Học liệu Trường Đại học Cần Thơ |
|---|
| LEADER | 00772nam a2200193Ia 4500 | ||
|---|---|---|---|
| 001 | CTU_190004 | ||
| 008 | 210402s9999 xx 000 0 und d | ||
| 020 | |c 25000 | ||
| 082 | |a 808.8 | ||
| 082 | |b Th104/T.6 | ||
| 245 | 0 | |a Thám hiểm Amazon | |
| 245 | 0 | |c Sưu tầm và biên soạn: Minh Giang, Trần Sinh | |
| 260 | |a Hà Nội | ||
| 260 | |b Văn hóa Thông tin | ||
| 260 | |c 2002 | ||
| 520 | |a Nội dung: Người có 127 mục tiêu; Chấp cánh bay qua eo biển Anh; Thay đổi dòng chảy dung nham; Chinh phục đỉnh cao nhất Thế giới; Trôi dạt 133 ngày trên biển... | ||
| 650 | |a Short stories,Truyện ngắn | ||
| 904 | |i Giang | ||
| 980 | |a Trung tâm Học liệu Trường Đại học Cần Thơ | ||